[Event "GER-ch U12"]
[Site "Willingen"]
[Date "2003.06.10"]
[Round "5"]
[White "Korman, Maxim"]
[Black "Schroedter, Thomas"]
[Result "0-1"]
[WhiteElo "1711"]
[BlackElo "1605"]
[PlyCount "80"]
[EventDate "2003.06.08"]
[EventType "swiss"]
[EventRounds "11"]
[EventCountry "GER"]
[SourceTitle "CBM 094 Extra"]
[Source "ChessBase"]
[SourceDate "2003.07.09"]
[SourceVersion "2"]
[SourceVersionDate "2003.07.09"]
[SourceQuality "1"]

1. e4 c5 2. Nc3 Nc6 3. g3 g6 4. Bg2 Bg7 5. d3 Rb8 6. f4 b5 7. Nf3 d6 8. 0-0 Bg4 9. h3 Bd7 10. g4 b4 11. Ne2 e6 12. Ng3 Nge7 13. Nh4 Nd4 14. Nf3 Nxf3+ 15. Qxf3 0-0 16. Kh1 f5 17. exf5 Bc6 18. Qe2 Bxg2+ 19. Kxg2 exf5 20. Qe6+ Kh8 21. Re1 Nc6 22. gxf5 Nd4 23. Qc4 Nxf5 24. Nxf5 Rxf5 25. a3 Qh4 26. Rf1 Re8 27. d4 Bxd4 28. c3 bxc3 29. bxc3 Bg7 30. Bd2 Rg5+ 31. fxg5 Qxc4 32. Rae1 Re2+ 33. Rxe2 Qxe2+ 34. Rf2 Qe4+ 35. Rf3 Be5 36. Kf2 Kg7 37. Re3 Qh4+ 38. Ke2 Qxg5 39. Kd3 Qf5+ 40. Kc4 Bf4 0-1